000 00673nam a22002537a 4500
005 20230623113232.0
008 230623b ||||| |||| 00| 0 eng d
020 _a0340382953
040 _cAL
041 _aeng
082 _223
_a658.4
_bHELN
100 _aRobert Heller
_9124644
245 _aNew Naked Manager
260 _aLondon
_bHodder and Stoughton
_c1985
300 _a321p.
_bHB
_c22x14cm.
650 _aManagement
_9124645
650 _aPower Games
_9124646
650 _aMoney Games
_9124647
650 _aBoard Games
_9124648
650 _aWar Games
_9124649
650 _aShell Games
_9124650
700 _aHeller (Robert)
_9124651
942 _2ddc
_cDB
999 _c227625
_d227625